00773nam a2200229Ia 450000500170000000800410001702000180005802000180007602000180009404000460011204100080015810000330016624501000019925000110029926000530031030000150036349000280037860000580040665000230046465000160048770000400050320240522105508.0130821t1987 sp gr spa  a9789586657112 a9789586657129 a9789586657136 aCo-BoUCMbspacDavid MorenodDavid Moreno aspa1 aDescartes, Renéd1596-165010aMediaciones acerca de la filosofía primeracRene Descartes ; traduccion Jorge Aurelio Díaz  a2a ed. aBogotá, COL bSiglo del Hombte Editores c2022 aDos tomos  aColección Filosofía1 aDescartes, Renéd1596-1650xPensamiento filosofico 14aFilosofia moderna 14aMetafisica 1 aDiaz Jorge Aurelioetraductord1937